Gaming Quiz

Random Gaming or Board Games Quiz

Pieces of Operation Quiz Stats

 Plays Quiz Updated Feb 3, 2019

Support Sporcle.
Go Orange.
Score 0/12 Timer 03:00
3 Plays Today
Points Pieces % Correct
100Broken Heart
75.6%
200Funny Bone
59.9%
150Water on the Knee
51.3%
100Adam's Apple
39.9%
150Spare Ribs
33.5%
1000Bread Basket
33.3%
100Butterflies in the Stomach
33.3%
300Wish Bone
33%
200Charley Horse
31.5%
100Wrenched Ankle
22.9%
200The Ankle Bone's Connected to the Knee Bone
22.2%
200Writer's Cramp
21.7%

From the Vault

One-Star Book Adaptations

by emberly13

Movies 7m
Always read the book first.
Remove Ads.
Support Sporcle.
Get the best of Sporcle when you Go Orange. This ad-free experience offers more features, more stats, and more fun while also helping to support Sporcle. Thank you for becoming a member.

Show Comments

Extras

Top Quizzes Today


Score Distribution

Your Account Isn't Verified!

In order to create a playlist on Sporcle, you need to verify the email address you used during registration. Go to your Sporcle Settings to finish the process.

Report this User

Report this user for behavior that violates our Community Guidelines.

Details: